000 01106nam a22003377a 4500
003 CHAP
005 20220329132932.0
008 971013s1988 r 00010 d
010 _a412
011 _a1384
035 _a560
040 _cCHAP
090 _aTesis
100 0 0 _aMuñoz Hernández, José Máximo.
_979614
245 _aAspectos técnicos del desarrollo y diseño de una sembradora para maíz
260 _aChapingo, Méx. :
_bEl autor,
_c1988
300 _a115 h.
_e+ Diagramas
500 _a36-125
502 _aTesis (Ing. Agrónomo esp. en Maquinaria Agrícola) -- UACH. Departamento de Maquinaria Agrícola
590 _aALEPH
_b10
_c20130110
_lUCH01
_h1205
590 _aBATCH-UPD
_b10
_c20130110
_lUCH01
_h1720
590 _aBATCH-UPD
_b10
_c20130410
_lUCH01
_h1104
590 _aBATCH-UPD
_b10
_c20130914
_lUCH01
_h1747
590 _aCONVERSION
_b10
_c20130109
_lUCH01
_h1302
650 1 4 _aMaíz
_xSiembra.
_971061
650 1 4 _aMaquinaria agrícola.
_971151
901 _aBK
942 _cTESIS
949 _bBC
_cTES
_d-10012
_eTS1
_h22613
_i560
_si
949 _bMA
_cTES
_d-612
_eTS1
_i560
_si
999 _c412
_d412